Landen per satellietbeeld #5 - Statistieken

Algemene statistieken
  • Deze quiz is 1.740 keer genomen
  • De gemiddelde score is 11 van 16
Antwoordstatistieken
Foto Antwoord % Correct
Japan
99%
Canada
95%
Griekenland
95%
Indonesië
93%
Madagaskar
88%
Sri Lanka
82%
Jemen
78%
Marokko
76%
Thailand
74%
Peru
62%
Venezuela
60%
Malta
55%
Oost-Timor
47%
Vanuatu
41%
Namibië
38%
Belize
23%
Geen overeenkomende quizzen gevonden
Scoreverdeling
Procent van Mensen met Elke Score
Percentiel versus Aantal Correcte Antwoorden
Uw Scoregeschiedenis
U heeft deze quiz nog niet genomen